Les nations les plus médaillées à la pétanque - Statistiques

Statistiques générales
  • Ce quiz a été pris 341 fois
  • Le résultat moyen est 11 sur 17
Statistiques - réponses
Réponse % Correct
120 France
100%
23 Italie
96%
38 Espagne
95%
41 Belgique
85%
7 Allemagne
80%
23 Maroc
77%
9 Suisse
74%
7 Algérie
71%
32 Tunisie
69%
27 Madagascar
62%
56 Thaïlande
57%
11 Monaco
47%
10 Canada
44%
7 Suède
37%
4 Sénégal
35%
14 Cambodge
32%
4 Laos
16%
Aucun quiz correspondant
Distribution des résultats
% des personnes avec chaque résultat
Percentile par nombre de réponses
Votre historique - résultats
Vous n’avez pas pris ce quiz